000 00956cam a2200265 a 4500
001 13646
003 BD-JhCC
005 20240313122145.0
008 030110r20071998nyuab b 001 0 eng
020 _a9780393070897
035 _a(BD-JhCC)13646
040 _aDLC
_cDLC
_dDLC
041 _aenglish
050 0 0 _aDA16
_b.F47 2003
082 0 0 _a909.0971241
_221
_bBAU 2007
100 1 _a Bauer,Susan Wise
245 1 0 _aThe History of the Ancient World /
_cSusan Wise Bauer
260 _aNew York :
_bW. W. Norton & Company,
_c2007.
300 _a1514 p. :
_bill. (some col.), col. maps ;
_c26 cm.
504 _aIncludes bibliographical references (p. [377]-383) and index.
650 0 _aElectronic books
_zHistory
856 4 2 _3Contributor biographical information
_uhttp://www.loc.gov/catdir/enhancements/fy0832/2003041469-b.html
856 4 2 _3Publisher description
_uhttp://www.loc.gov/catdir/enhancements/fy0832/2003041469-d.html
942 _2ddc
_cBK
999 _c13646
_d13646